| Record ID | ia:indochinavietnam0000mill |
| Source | Internet Archive |
| Download MARC XML | https://archive.org/download/indochinavietnam0000mill/indochinavietnam0000mill_marc.xml |
| Download MARC binary | https://www.archive.org/download/indochinavietnam0000mill/indochinavietnam0000mill_meta.mrc |
LEADER: 05147cam a2200541Ia 4500
001 829387291
003 OCoLC
005 20151005114033.0
008 130307s2013 nyuabf b 001 0 eng d
020 $a1936274655
020 $a9781936274659
035 $a829387291
035 $a(OCoLC)829387291
037 $bConsortium Book Sales & Dist, C/O Perseus Distribution 1094 Flex Dr, Jackson, TN, USA, 38301-5070$nSAN 631-760X
040 $aYDXCP$beng$cYDXCP$dBTCTA$dBDX$dDON$dOCLCQ$dFOLLT$dGVA$dVP@$dIA4$dOCLCF$dSFR$dUtOrBLW
043 $aai-----$aa-vt---
049 $aSFRA
050 14 $aDS526.7$b.M55 2013
082 04 $a959.05/3$223
092 $a959.053$bM6177i
100 1 $aMiller, Robert L.$q(Robert Lawrence),$d1945-2016
245 10 $aIndochina and Vietnam :$bthe thirty-five-year war, 1940-1975 /$cRobert L. Miller and Dennis Wainstock.
250 $aFirst edition.
260 $aNew York :$bEnigma Books,$c[2013]
300 $axiii, 265 pages, 32 unnumbered pages of plates :$billustrations, maps ;$c23 cm
336 $atext$btxt$2rdacontent
337 $aunmediated$bn$2rdamedia
338 $avolume$bnc$2rdacarrier
504 $aIncludes bibliographical references (pages 251-258) and index.
505 0 $aAn imperial conquest. France in the Far East ; War, defeat, and resurgence: 1940-1952 ; Colonial exit: Dien Bien Phu and the Geneva Conference, 1953-1954 -- Cold War Vietnam. North and South Vietnam ; The Eisenhower approach: 1953-1960 ; Kennedy and the crisis of 1963 -- The American war. Americanizing the war ; Rising opposition to the war ; The breaking point ; Vietnamization ; The war drags on -- Chronology 1939-1975 -- Selected facts and figures.
520 $a"The Indochina and Vietnam Wars followed one another over a thirty-five year span from 1940 to 1975. These two closely related conflicts are usually treated separately, mostly in isolation from one another. This book presents those wars as a single historical event for the student and the informed general reader. The United States began its direct involvement in Indochina in July 1940 within days of France's defeat by Nazi Germany as a reaction to Japan's military expansion into Southeast Asia. Ninety years of French colonial rule in Indochina were suddenly placed in jeopardy under Japanese pressure. The context of the French colonial experience remains the cornerstone to understanding the origins and development of the Indochina War and later on, the American entry into the Vietnamese conflict. Most histories of the war quickly pass over the colonial past, usually limited to the battle of Dien Bien Phu to concentrate exclusively on the American War. This book uses a selection of published sources to explain the context and the development of the long war while providing an overview of France's imprint on Indochina and how it affected the American War in Vietnam. Why were we in Vietnam? Why did half a million American troops, mostly draftees, plunge into the jungles of a remote Asian land? This unique, compact history explicates the rationales for and the implementation of successive policies: Eisenhower's involvement after France leaves Indochina for good in 1954; Kennedy's overt and covert actions culminating in Diem's overthrow in 1963; Johnson's 'Domino Theory' big war commitment that would scar a generation; Nixon's formula of Vietnamization and offensive incursions into Cambodia, strategic bombing offensives into North Vietnam and continued Paris Peace Talks between Henry Kissinger and Le Duc Tho. INDOCHINA and VIETNAM is an eminently readable overview of the interlocking conflicts in Southeast Asia from 1940 to the heartbreaking scenes of April 1975, when the last helicopters lurched off from the soon to fall United States embassy in Saigon. The Vietnam reader is usually confronted with voluminous texts, most of them over 500 pages long. The authors have attempted to offer as comprehensive yet manageable an account as possible that would include all the major events, incidents and debates that make up the history of the long Vietnam War as the Vietnamese, the French and Americans knew it."--Publisher website.
650 0 $aIndochinese War, 1946-1954.
650 0 $aVietnam War, 1961-1975.
651 0 $aIndochina$xHistory$y1945-
651 0 $aVietnam$xHistory$y1945-1975.
700 1 $aWainstock, Dennis,$d1947-
907 $a.b26963838$b11-14-18$c11-25-13
998 $axgc$b02-12-14$cm$da $e-$feng$gnyu$h0$i0
957 00 $aOCLC reclamation of 2017-18
907 $a.b26963838$b04-12-14$c11-25-13
938 $aBaker and Taylor$bBTCP$nBK0012886774
956 $aPre-reclamation 001 value: ocn829387291
980 $a0214 KL jb
998 $axgc$b02-12-14$cm$da$e-$feng$gnyu$h0$i0
994 $aC0$bSFR
999 $yMARS
945 $a959.053$bM6177i$d - - $e01-04-2015 16:53$f0$g0$h04-02-15$i31223103974557$j501$0800$k - - $lxgcci$o-$p$18.00$q-$r-$s- $t1$u2$v5$w0$x0$y.i76779762$z03-03-14
945 $a959.053$bM6177i$d - - $e03-08-2014 17:57$f0$g0$h03-30-14$i31223103974540$j501$0503$k - - $lxgcci$o-$p$18.00$q-$r-$s- $t1$u1$v0$w0$x0$y.i76779774$z03-03-14